Cour pňale internationale Une juridiction sans territoire propre /

Detalles Bibliográficos
Autor principal: Mvoula, Sylvestre
Formato: eBook
Publicado: Pars̕: Éditions Universitaires Europěnes, 2019
Materias:
Acceso en línea:Acceso restringido

MARC

LEADER 00000nam a22000007a 4500
005 2019100208528.0
007 cr|||| ||||
008 191002s2019 fr |||||s|||| 00||0 fra d
020 |a 9786138484936 
035 |a 28861 
040 |a vLex 
090 |c 9680  |d 9680 
100 1 |a Mvoula, Sylvestre 
245 1 0 |a Cour pňale internationale  |h [Recurso electrn̤ico] :  |b Une juridiction sans territoire propre /  |c Sylvestre Mvoula 
256 |a Servicio en ln̕ea 
260 |a Pars̕:  |b Éditions Universitaires Europěnes,  |c 2019 
300 |a 1 recurso electrn̤ico 
500 |a La Cour pňale internationale est la juridiction permanente transnationale chargě de juger les personnes accusěs de gňocide, de crime contre l’humanit,̌ de crime d'agression et de crime de guerre. Elle pallie donc ̉une absence de visibilit ̌quant aux crimes dotš d'une certaine gravit.̌ En effet, les crimes de guerre, crimes contre l'humanit,̌ crimes de gňocides et crimes d'agression relevant de la compťence de la CPI n'existent pas dans nombreux de codes pňaux du monde, donnant donc un sens ̉la crǎtion de cette instance judiciaire internationale. 
506 1 |a Disponible solo en los productos indicados  |d vLex Global  |d vLex Global (Academic Edition, excluding Law Schools)  |d vLex Global (U.S. Academic Edition, Law Schools)  |d vLex Global (U.S. Academic Edition, excluding Law Schools)  |d vLex Global (Academic Edition, Law Schools) 
650 0 4 |a Derecho Internacional  |z Francia 
740 0 |a vLex Libros (Servicio en ln̕ea) 
856 4 0 |u http://vlex.com/source/28861  |z Acceso restringido 
942 |c BOOK 
999 0 |a International right